MCU Heroes Quiz - Statistics

General Stats
  • This quiz has been taken 71 times
    32 since last reset
  • The average score is 61 of 88
Answer Stats
First Appearance Hero Name Real Name Actor % Correct
What If...? Hulkbuster Tony Stark Mick Wingert
100%
Iron Man Iron Man Tony Stark Robert Downey Jr.
100%
Iron Man War Machine James Rhodes Terrence Howard & Don Cheadle
100%
Ant-Man Ant-Man Scott Lang Paul Rudd
87%
Captain America: Civil War Black Panther T'Challa Chadwick Boseman
87%
Iron Man 2 Black Widow Natasha Romanoff Scarlett Johansson
87%
Black Widow Black Widow Yelena Belova Florence Pugh
87%
Black Widow Black Widow Melina Vostokoff Rachel Weisz
87%
Captain America: The First Avenger Captain America Steve Rogers Chris Evans
87%
Doctor Strange Doctor Strange Stephen Strange Benedict Cumberbatch
87%
Guardians of the Galaxy Drax the Destroyer [same as hero name] Dave Bautista
87%
Captain America: The Winter Soldier Falcon Sam Wilson Anthony Mackie
87%
Guardians of the Galaxy Gamora [same as hero name] Zoe Saldana
87%
Guardians of the Galaxy Groot [same as hero name] Vin Diesel
87%
What If...? Infinity Gamora [same as hero name] Cynthia McWilliams
87%
Thor Mighty Thor Jane Foster Natalie Portman
87%
Iron Man Nick Fury [same as hero name] Samuel L. Jackson
87%
What If...? Outbreak Spider-Man Peter Parker Hudson Thames
87%
What If...? Party Prince Thor [same as hero name] Chris Hemsworth
87%
Guardians of the Galaxy Rocket Raccoon [same as hero name] Bradley Cooper
87%
Captain America: Civil War Spider-Man Peter Parker Tom Holland
87%
Guardians of the Galaxy Star-Lord Peter Quill Chris Pratt
87%
What If...? Star-Lord T'Challa Chadwick Boseman
87%
Spider-Man: No Way Home The Amazing Spider-Man Peter Parker Andrew Garfield
87%
The Incredible Hulk The Hulk Bruce Banner Edward Norton & Mark Ruffalo
87%
Spider-Man: No Way Home The Original Spider-Man Peter Parker Tobey Maguire
87%
Captain America: The First Avenger The Winter Soldier Bucky Barnes Sebastian Stan
87%
Thor Thor Odinson [same as hero name] Chris Hemsworth
87%
Loki Variant Loki [same as hero name] Tom Hiddleston
87%
Avengers: Age of Ultron Vision [same as hero name] Paul Bettany
87%
Thor Hawkeye Clint Barton Jeremy Renner
83%
Hawkeye Hawkeye Kate Bishop Hailee Steinfeld
83%
Captain America: The Winter Soldier Scarlet Witch Wanda Maximoff Elizabeth Olsen
83%
Doctor Strange Wong [same as hero name] Benedict Wong
83%
Captain Marvel Captain Marvel Carol Danvers Brie Larson
78%
Doctor Strange in the Multiverse of Madness Captain Marvel Maria Rambeau Lashana Lynch
78%
Ms. Marvel Ms. Marvel Kamala Khan Iman Vellani
78%
Guardians of the Galaxy Nebula [same as hero name] Karen Gillan
78%
Captain America: The Winter Soldier Quicksilver Pietro Maximoff Aaron Taylor-Johnson
78%
She-Hulk: Attorney at Law She-Hulk Jennifer Walters Tatiana Maslany
78%
Guardians of the Galaxy vol. 2 Mantis [same as hero name] Pom Klementieff
74%
Shang-Chi and the Legend of the Ten Rings Shang-Chi [same as hero name] Simu Liu
74%
Black Panther Shuri [same as hero name] Letitia Wright
74%
Guardians of the Galaxy Yondu Udonta [same as hero name] Michael Rooker
74%
Spider-Man: No Way Home Daredevil Matt Murdock Charlie Cox
70%
Moon Knight Moon Knight Marc Spector Oscar Isaac
70%
Black Panther Okoye [same as hero name] Danai Gurira
70%
Iron Man Phil Coulson [same as hero name] Clark Gregg
70%
Iron Man Rescue Pepper Potts Gwyneth Paltrow
70%
Doctor Strange The Ancient One [same as hero name] Tilda Swinton
70%
Doctor Strange in the Multiverse of Madness America Chavez [same as hero name] Xochitl Gomez
65%
Thor Heimdall [same as hero name] Idris Elba
65%
Eternals Ikaris [same as hero name] Richard Madden
65%
The Avengers Maria Hill [same as hero name] Cobie Smulders
65%
Doctor Strange in the Multiverse of Madness Mordo Karl Mordo Chiwetel Ejiofor
65%
Ant-Man The Wasp Hope van Dyne Evangeline Lilly
65%
Doctor Strange in the Multiverse of Madness Black Bolt Blackagar Boltagon Anson Mount
61%
Thor: Ragnarok Korg [same as hero name] Taika Waititi
61%
Doctor Strange in the Multiverse of Madness Professor X Charles Xavier Patrick Stewart
61%
Eternals Sprite [same as hero name] Lia McHugh
61%
Thor: Ragnarok Valkyrie Brunnhilde Tessa Thompson
61%
Doctor Strange in the Multiverse of Madness Mister Fantastic Reed Richards John Krasinski
57%
Black Widow Red Guardian Alexei Shostakov David Harbour
57%
Eternals Sersi [same as hero name] Gemma Chan
57%
Loki Sylvie Laufeydottir [same as hero name] Sophia Di Martino
57%
Eternals Thena [same as hero name] Angelina Jolie
57%
Eternals Ajak [same as hero name] Salma Hayek
52%
Hawkeye Echo Maya Lopez Alaqua Cox
52%
Eternals Gilgamesh [same as hero name] Don Lee
52%
Eternals Kingo [same as hero name] Kumail Nanjiani
52%
Eternals Makkari [same as hero name] Lauren Ridloff
52%
Black Panther M'Baku [same as hero name] Winston Duke
52%
Falcon and the Winter Soldier U.S Agent John Walker Wyatt Russell
52%
Eternals Druig [same as hero name] Barry Keoghan
48%
Loki Mobius [same as hero name] Owen Wilson
48%
Eternals Phastos [same as hero name] Brian Tyree Henry
48%
What If...? Captain Carter Peggy Carter Hayley Atwell
43%
Thor: Love and Thunder Hercules [same as hero name] Brett Goldstein
43%
What If...? The Watcher Uatu Jeffrey Wright
43%
WandaVision Billy Maximoff [same as hero name] Julian Hilliard
39%
Captain Marvel Monica Rambeau [same as hero name] Azari Akbar & Teyonah Parris
39%
Hawkeye The Swordsman Jack Duquesne Tony Dalton
39%
WandaVision Tommy Maximoff [same as hero name] Jett Klyne
39%
Falcon and the Winter Soldier Battlestar Lemar Hoskins Clé Bennett
35%
Shang-Chi and the Legend of the Ten Rings Xu Xialing [same as hero name] Meng'er Zhang
30%
What If...? HYDRA Stomper Steve Rogers Josh Keaton
26%
Moon Knight Mr. Knight Steven Grant Oscar Isaac
26%
Ms. Marvel Red Dagger Kareem Aramis Knight
26%
No matching quizzes found
Score Distribution
Percent of People with Each Score
Percentile by Number Answered
Your Score History
You have not taken this quiz since the last reset